[Event "Luxembourg-chT 1112"]
[Site "Luxembourg"]
[Date "2012.03.03"]
[Round "10"]
[White "Sabotic, Rameza"]
[Black "Papini, Emmanuel"]
[Result "1-0"]
[WhiteElo "1745"]
[BlackElo "1750"]
[PlyCount "61"]
[EventDate "2011.10.??"]
[EventType "team-tourn"]
[EventRounds "10"]
[EventCountry "LUX"]
[SourceTitle "EXT 2017"]
[Source "ChessBase"]
[SourceDate "2016.10.25"]
[SourceVersion "1"]
[SourceVersionDate "2016.10.25"]
[SourceQuality "1"]

1. e4 e6 2. d4 b6 3. Nc3 Bb7 4. Bc4 Bb4 5. Nge2 Bxe4 6. 0-0 Bb7 7. Bf4 a6 8. d5 b5 9. Bb3 d6 10. dxe6 fxe6 11. Bxe6 Qf6 12. Nd5 Bxd5 13. Bxd5 c6 14. Bxg8 Rxg8 15. c3 Ba5 16. Qxd6 Qxd6 17. Bxd6 Kf7 18. Nd4 Rc8 19. Rfe1 Bd8 20. Re2 Nd7 21. Rae1 c5 22. Nf5 Rc6 23. Bg3 Nf6 24. h3 Ra7 25. Nd6+ Kg6 26. Ne8 Rd7 27. Nxf6 Kxf6 28. Re8 Kf7 29. Rh8 h6 30. Ree8 Re6 31. Rxd8 1-0

[Event "Kaupthing op-B 1st"]
[Site "Differdange"]
[Date "2007.07.13"]
[Round "8"]
[White "Salentiny, Eric"]
[Black "Papini, Emmanuel"]
[Result "0-1"]
[WhiteElo "1708"]
[BlackElo "1866"]
[PlyCount "78"]
[EventDate "2007.07.08"]
[EventType "swiss"]
[EventRounds "9"]
[EventCountry "LUX"]
[SourceTitle "EXT 2008"]
[Source "ChessBase"]
[SourceDate "2007.11.25"]
[SourceVersion "1"]
[SourceVersionDate "2007.11.25"]
[SourceQuality "1"]

1. e4 e6 2. d4 b6 3. Bd3 Bb7 4. c3 Be7 5. Qg4 g6 6. Be3 f5 7. exf5 exf5 8. Qh3 Bg5 9. Ne2 Bxe3 10. Qxe3+ Qe7 11. Qxe7+ Nxe7 12. f3 0-0 13. Nd2 Nd5 14. Bc4 Kg7 15. Bxd5 Bxd5 16. c4 Bf7 17. 0-0 Nc6 18. d5 Ne5 19. b3 Rfe8 20. Nc1 Re7 21. Re1 Rae8 22. Kf1 Nxc4 23. Rxe7 Nxd2+ 24. Ke2 Rxe7+ 25. Kxd2 Bxd5 26. Nd3 c5 27. Nf4 Bg8 28. h4 d5 29. Rd1 d4 30. Re1 Rxe1 31. Kxe1 Kf6 32. Kd2 Ke5 33. Nd3+ Kd5 34. Nf4+ Kc6 35. Kc2 a5 36. g4 fxg4 37. fxg4 Kd6 38. Kd3 Ke5 39. Ne2 Bd5 0-1

[Event "Kaupthing op-B 1st"]
[Site "Differdange"]
[Date "2007.07.08"]
[Round "2"]
[White "Hoefer, Ulrich"]
[Black "Papini, Emmanuel"]
[Result "1-0"]
[WhiteElo "1940"]
[BlackElo "1866"]
[PlyCount "79"]
[EventDate "2007.07.08"]
[EventType "swiss"]
[EventRounds "9"]
[EventCountry "LUX"]
[SourceTitle "EXT 2008"]
[Source "ChessBase"]
[SourceDate "2007.11.25"]
[SourceVersion "1"]
[SourceVersionDate "2007.11.25"]
[SourceQuality "1"]

1. Nf3 Nf6 2. d4 d5 3. c4 dxc4 4. Nc3 c6 5. a4 Bf5 6. e3 Nbd7 7. Bxc4 Nb6 8. Be2 h6 9. Qb3 Qc7 10. Bd2 e6 11. Rc1 Rd8 12. 0-0 Qb8 13. Ne5 Bd6 14. f4 0-0 15. Bf3 Bxe5 16. fxe5 Nfd7 17. a5 Nc8 18. Be1 Bd3 19. Rf2 Ba6 20. Ne4 Bb5 21. Bb4 Rfe8 22. Bh5 g6 23. Bf3 b6 24. Nd6 Nxd6 25. Bxd6 Qa8 26. Qxb5 cxb5 27. Bxa8 Rxa8 28. Rc7 Rad8 29. a6 f5 30. exf6 Kf7 31. Rxa7 g5 32. Be7 Rxe7 33. fxe7+ Kxe7 34. Rc2 Kd6 35. Rcc7 Nf6 36. Kf2 Ng4+ 37. Ke2 Nf6 38. Rf7 Nd5 39. e4 Nf4+ 40. Kd2 1-0

[Event "Metz op 23rd"]
[Site "Metz"]
[Date "2005.??.??"]
[Round "1"]
[White "Papini, Emmanuel"]
[Black "Pytel, Krzysztof"]
[Result "0-1"]
[WhiteElo "1870"]
[BlackElo "2384"]
[PlyCount "82"]
[EventDate "2005.04.16"]
[EventType "swiss"]
[EventRounds "9"]
[EventCountry "FRA"]
[SourceTitle "EXT 2007"]
[Source "ChessBase"]
[SourceDate "2006.11.23"]
[SourceVersion "1"]
[SourceVersionDate "2006.11.23"]
[SourceQuality "1"]

1. e4 g6 2. d4 Bg7 3. c3 d6 4. Bd3 c5 5. dxc5 dxc5 6. Bc2 Qc7 7. Ne2 Nc6 8. 0-0 Nf6 9. f3 0-0 10. Be3 b6 11. Qc1 Ba6 12. Re1 Rfd8 13. Na3 Ne5 14. Nf4 e6 15. Rd1 g5 16. Nh3 g4 17. fxg4 Nfxg4 18. Bf4 b5 19. Nb1 c4 20. Rxd8+ Rxd8 21. Qe1 Qc5+ 22. Kh1 Nd3 23. Bxd3 Rxd3 24. Nd2 Bb7 25. Qe2 h5 26. Rf1 e5 27. Bg3 Qe3 28. Qxe3 Nxe3 29. Rf3 Rxd2 30. Rxe3 Rxb2 31. Ng1 f5 32. Re2 Rxe2 33. Nxe2 Bxe4 34. Bf2 Bd3 35. Ng3 h4 36. Nh5 Bh6 37. Nf6+ Kf7 38. Bxh4 b4 39. cxb4 c3 40. Nd7 Bb5 41. Nxe5+ Ke8 0-1